Performance budget, 1983-84 (Record no. 509261)

000 -LEADER
fixed length control field 00379cam a22001217a 4500
008 - FIXED-LENGTH DATA ELEMENTS--GENERAL INFORMATION
fixed length control field 180718b1985 xxu||||| |||| 00| 0 eng d
082 ## - DEWEY DECIMAL CLASSIFICATION NUMBER
Classification number L1:B136x5442 1983-84
245 ## - TITLE STATEMENT
Title Performance budget, 1983-84
Statement of responsibility, etc by Rural Development Department
260 ## - PUBLICATION, DISTRIBUTION, ETC. (IMPRINT)
Place of publication, distribution, etc Nagpur
Name of publisher, distributor, etc Government of Maharashtra
Date of publication, distribution, etc 1984
300 ## - PHYSICAL DESCRIPTION
Extent 440p.
500 ## - GENERAL NOTE
General note Library has 1983-84, 1984-85 and 1988-89
942 ## - ADDED ENTRY ELEMENTS (KOHA)
Source of classification or shelving scheme
Holdings
Withdrawn status Lost status Source of classification or shelving scheme Damaged status Koha normalized classification for sorting Not for loan Permanent location Current location Date acquired Full call number Barcode Date last seen Price effective from Koha item type
        L_1B136X5442_198384   Indian Institute of Public Administration Indian Institute of Public Administration 2019-04-29 L1:B136x5442 1983-84 GG33969 2019-04-29 2019-04-29 GG

Powered by Koha